Mots cachés n°5 - Statistiques

Statistiques générales
  • Ce quiz a été pris 407 fois
  • Le résultat moyen est 23 sur 25
Statistiques - réponses
Question Tuile Select % Correct
style, pâte et eau. R Non
99%
style, pâte et eau. B Non
98%
style, pâte et eau. V Non
98%
style, pâte et eau. A Non
97%
style, pâte et eau. E Oui
96%
style, pâte et eau. L Non
95%
style, pâte et eau. T Oui
95%
style, pâte et eau. Y Non
95%
style, pâte et eau. A Non
94%
style, pâte et eau. A Non
94%
style, pâte et eau. L Oui
94%
style, pâte et eau. S Oui
94%
style, pâte et eau. S Non
94%
style, pâte et eau. Y Oui
94%
style, pâte et eau. E Oui
93%
style, pâte et eau. P Non
93%
style, pâte et eau. P Oui
92%
style, pâte et eau. U Non
92%
style, pâte et eau. A Oui
91%
style, pâte et eau. E Non
91%
style, pâte et eau. U Oui
90%
style, pâte et eau. A Non
89%
style, pâte et eau. T Non
89%
style, pâte et eau. E Non
88%
style, pâte et eau. A Oui
87%
Aucun quiz correspondant
Distribution des résultats
% des personnes avec chaque résultat
Percentile par nombre de réponses
Votre historique - résultats
Vous n’avez pas pris ce quiz